Student housing emerges a winner in an era of poor returns (Record no. 114530)

MARC details
000 -LEADER
fixed length control field 01019cad a22002175a 4500
001 - CONTROL NUMBER
control field L156984
008 - FIXED-LENGTH DATA ELEMENTS--GENERAL INFORMATION
fixed length control field 120806s2012 xxk f 000 0 eng d
035 ## - SYSTEM CONTROL NUMBER
System control number (Sirsi) u156984
041 0# - LANGUAGE CODE
Language code of text/sound track or separate title eng
100 1# - MAIN ENTRY--PERSONAL NAME
Personal name Winchester, Jo
245 00 - TITLE STATEMENT
Title Student housing emerges a winner in an era of poor returns
Medium [electronic resource]
260 ## - PUBLICATION, DISTRIBUTION, ETC.
Place of publication, distribution, etc. London
Name of publisher, distributor, etc. CBRE
Date of publication, distribution, etc. 2012
490 #0 - SERIES STATEMENT
Series statement CBRE Student Housing Review
Volume/sequential designation August 2012
520 ## - SUMMARY, ETC.
Summary, etc. UK student housing sector continues to offer good rates of returns for private and institutional investors. Lists top UK student housing investors providing details of current number of beds plus the number of beds in the pipeline per operator. Outlines short and long term investment opportunities.
590 ## - LOCAL NOTE (RLIN)
Local note KA NTK
651 #4 - SUBJECT ADDED ENTRY--GEOGRAPHIC NAME
Geographic name United Kingdom
Chronological subdivision
690 ## - LOCAL SUBJECT ADDED ENTRY--TOPICAL TERM (OCLC, RLIN)
Topical term or geographic name as entry element Residential property
9 (RLIN) 6266
690 ## - LOCAL SUBJECT ADDED ENTRY--TOPICAL TERM (OCLC, RLIN)
Topical term or geographic name as entry element Investments
9 (RLIN) 6250
856 40 - ELECTRONIC LOCATION AND ACCESS
Uniform Resource Identifier <a href="https://www.cbre.eu/portal/pls/portal/res_rep.show_report?report_id=2002">https://www.cbre.eu/portal/pls/portal/res_rep.show_report?report_id=2002</a>
Public note View the item free of charge from the www.cbre.eu website
942 ## - ADDED ENTRY ELEMENTS (KOHA)
Suppress in OPAC 0
Holdings
Withdrawn status Lost status Source of classification or shelving scheme Damaged status Not for loan Home library Current library Shelving location Date acquired Total Checkouts Full call number Barcode Date last seen Copy number Price effective from Koha item type
    Dewey Decimal Classification     Virtual Virtual Online 06/08/2012   ONLINE PUBLICATION 156984-2001 06/08/2019 1 06/08/2019 Book